| 000 | 00677nam a2200229 a 4500 | ||
|---|---|---|---|
| 001 | BRCA_8125 | ||
| 005 | 20190320210137.0 | ||
| 008 | 100414s1962----mx-a###f##---#000-0#spa-# | ||
| 041 | _aspa | ||
| 044 | _amx | ||
| 050 | 4 |
_aN6553 _b.AR786 _c1962 |
|
| 100 | 1 |
_aToussaint, Manuel _96793 |
|
| 245 | 1 | 0 |
_aArte colonial en México _cManuel Toussaint. |
| 250 | _a2 | ||
| 260 |
_aMéxico _bUNAM _c1962 |
||
| 300 |
_aXXIII, 303 p. _bil., (algunas a color) 449 láminas _c28 cm. |
||
| 500 | _aY197 | ||
| 650 | 1 | 4 |
_aArte colonial _zMéxico _920228 |
| 710 | 2 |
_aUniversidad Nacional Autónoma de México _bInstituto de Investigaciones Estéticas _920229 |
|
| 902 | _aGFM | ||
| 942 |
_2lcc _cB |
||
| 999 |
_c7793 _d7793 |
||